000 00290nam a22001217a 4500
008 180109b xxu||||| |||| 00| 0 eng d
041 _aeng
080 _a78
100 _a45
101 _aMUZ
245 _aTHE NEW YORK TIMES BOOK OF BROADWAY
_cBRANTLEY,B
942 _2udc
_cBK
999 _c39977
_d39977